Cấu trúc cú pháp - ngữ nghĩa của tục ngữ Việt Theo hướng tiếp cận văn hoá - ngôn ngữ học Q.2 Cấu trúc cú pháp - ngữ nghĩa của tục ngữ Việt
Gồm những câu tục ngữ Việt theo mệnh đề lô gích - ngữ nghĩa, các phạm trù chung cho mọi đối tượng, con người và đời sống con người; giải nghĩa tục ngữ Việt tương ứng với tục ngữ Hán, Anh, Pháp, Đức, Nga theo mệnh đề lô gích - ngữ nghĩa...
שמור ב:
| מחבר ראשי: | |
|---|---|
| פורמט: | ספר |
| שפה: | Vietnamese |
| יצא לאור: |
H.
Khoa học xã hội
2015
|
| נושאים: | |
| תגים: |
הוספת תג
אין תגיות, היה/י הראשונ/ה לתייג את הרשומה!
|
| Thư viện lưu trữ: | Mạng thư viện Đại học Đà Nẵng |
|---|
| LEADER | 01902aam a22004218a 4500 | ||
|---|---|---|---|
| 001 | 000023686 | ||
| 003 | 20139 | ||
| 005 | 20160115150117.0 | ||
| 008 | 160115s2015 viesd | ||
| 020 | |d 2000b | ||
| 041 | 0 | |a vie | |
| 082 | 0 | 4 | |2 23 |a 398.995922 |b NG-T |
| 100 | 1 | |a Nguyễn Quý Thành | |
| 245 | 1 | 0 | |a Cấu trúc cú pháp - ngữ nghĩa của tục ngữ Việt |b Theo hướng tiếp cận văn hoá - ngôn ngữ học |c Nguyễn Quý Thành |n Q.2 |p Cấu trúc cú pháp - ngữ nghĩa của tục ngữ Việt |
| 260 | |a H. |b Khoa học xã hội |c 2015 | ||
| 300 | |a 342 tr. |c 21 cm. | ||
| 500 | |a ĐTTS ghi: Hội Văn nghệ dân gian Việt Nam | ||
| 520 | |a Gồm những câu tục ngữ Việt theo mệnh đề lô gích - ngữ nghĩa, các phạm trù chung cho mọi đối tượng, con người và đời sống con người; giải nghĩa tục ngữ Việt tương ứng với tục ngữ Hán, Anh, Pháp, Đức, Nga theo mệnh đề lô gích - ngữ nghĩa | ||
| 650 | 0 | 4 | |2 Bộ TK TVQG |a Tục ngữ |x Nghiên cứu |z Việt Nam |
| 650 | 7 | |2 Bộ TK TVQG | |
| 650 | 7 | |2 Bộ TK TVQG | |
| 650 | 7 | |2 Bộ TK TVQG | |
| 651 | 7 | |2 Bộ TK TVQG |a Việt Nam | |
| 653 | |a Tục ngữ Việt | ||
| 653 | |a Ngữ nghĩa | ||
| 653 | |a Cấu trúc | ||
| 655 | 7 | |2 Bộ TK TVQG |a Tục ngữ | |
| 773 | |d Khoa học xã hội |d H. |d 2015 |t Cấu trúc cú pháp - ngữ nghĩa của tục ngữ Việt |w 20137 | ||
| OWN | |a LSP | ||
| AVA | |a UDN50 |b LSP |d 398.995922 NG-T |e available |t Error 5001 Not defined in file expand_doc_bib_avail. |f 1 |g 0 |h N |i 0 |k 1 | ||
| 999 | |a From the UDN01 | ||
| AVA | |a UDN50 |b LSP |d 398.995922 NG-T |e available |t Error 5001 Not defined in file expand_doc_bib_avail. |f 1 |g 0 |h N |i 0 |k 1 | ||
| TYP | |a Monograph | ||
| TYP | |a Printed language | ||
| 980 | |a Mạng thư viện Đại học Đà Nẵng | ||